000 00694nam a2200253Ia 4500
003 OSt
005 20220926010221.0
006 a|||||r|||| 00| 0
007 ta
008 220923b |||||||| |||| 00| 0 eng d
020 _a0706905415
037 _cGeneral Book
040 _aRTL
_cRTL
_beng
041 _2eng
_aeng
082 _aY7, L7/TD
100 _aMathur Hari Mohan
_9129698
245 0 _aAnthropology in the development process
260 _a New Delhi
_bVikas Publishing House
_c1977
300 _axv, 560p
_ccm.
500 _aBibliography: P 545-553
650 _aRace
942 _hY7, L7/TD
_cGB
_2CC
999 _c616728
_d616728